<?xml version="1.0" encoding="UTF-8"?>
<record
    xmlns:xsi="http://www.w3.org/2001/XMLSchema-instance"
    xsi:schemaLocation="http://www.loc.gov/MARC21/slim http://www.loc.gov/standards/marcxml/schema/MARC21slim.xsd"
    xmlns="http://www.loc.gov/MARC21/slim">

  <leader>00767nam a2200193   4500</leader>
  <controlfield tag="001">125896</controlfield>
  <controlfield tag="003">ES-MaACL</controlfield>
  <controlfield tag="005">20250809060209.0</controlfield>
  <controlfield tag="007">t|</controlfield>
  <controlfield tag="008">070214s1952    sp      r    ||||1| spa d</controlfield>
  <datafield tag="245" ind1="0" ind2="0">
    <subfield code="a">Reglamento de Organizaci&#xF3;n, funcionamiento y r&#xE9;gimen jur&#xED;dico de las Corporaciones locales </subfield>
    <subfield code="b">: (17 de mayo de 1952) / </subfield>
    <subfield code="c">por Luis Marqu&#xE9;s Carb&#xF3;... [et al.?] ; ideas [sobre los fines de la Administraci&#xF3;n] de Luis Jordana de Pozas.</subfield>
  </datafield>
  <datafield tag="260" ind1=" " ind2=" ">
    <subfield code="a">Tarragona : </subfield>
    <subfield code="b">Sugra&#xF1;es, </subfield>
    <subfield code="c">1952.</subfield>
  </datafield>
  <datafield tag="300" ind1=" " ind2=" ">
    <subfield code="a">408 p. ; </subfield>
    <subfield code="c">22 cm.</subfield>
  </datafield>
  <datafield tag="700" ind1="1" ind2=" ">
    <subfield code="a">Marqu&#xE9;s Carb&#xF3;, Luis.</subfield>
    <subfield code="9">76985</subfield>
  </datafield>
  <datafield tag="700" ind1="1" ind2=" ">
    <subfield code="a">Jordana de Pozas, Luis,</subfield>
    <subfield code="d">1890-1983</subfield>
    <subfield code="9">66931</subfield>
  </datafield>
  <datafield tag="710" ind1="1" ind2=" ">
    <subfield code="a">Espa&#xF1;a. </subfield>
    <subfield code="b">Ministerio de Gobernaci&#xF3;n.</subfield>
    <subfield code="9">3872</subfield>
  </datafield>
  <datafield tag="852" ind1=" " ind2=" ">
    <subfield code="a">ES-MaACL</subfield>
    <subfield code="j">C-5841 </subfield>
    <subfield code="b">R.33412</subfield>
  </datafield>
  <datafield tag="999" ind1=" " ind2=" ">
    <subfield code="c">125896</subfield>
    <subfield code="d">125896</subfield>
  </datafield>
  <datafield tag="952" ind1=" " ind2=" ">
    <subfield code="0">0</subfield>
    <subfield code="1">0</subfield>
    <subfield code="4">0</subfield>
    <subfield code="7">0</subfield>
    <subfield code="a">ATENEOM</subfield>
    <subfield code="b">ATENEOM</subfield>
    <subfield code="c">SPAL</subfield>
    <subfield code="d">2008-01-17</subfield>
    <subfield code="e">SC</subfield>
    <subfield code="l">0</subfield>
    <subfield code="o">C-5841</subfield>
    <subfield code="p">1131142</subfield>
    <subfield code="r">2023-02-23 00:00:00</subfield>
    <subfield code="w">2023-02-23</subfield>
    <subfield code="y">MONOGRAFIA</subfield>
  </datafield>
</record>
